000 00729nam a2200181Ia 4500
003 GCL
008 140319s9999 xx 000 0 ara d
040 _aGCL /
_cGCL
082 0 4 _a891.7
_bع ب
100 1 _aعليم كيشوكوف
245 1 0 _aبانتظار الفجر: رواية من الادب السوفياتى فى شمال القفقاس نقلها عن الشركسية ممدوح قوموق (هدية من الاديب عبدالفتاح الجمل) /
_cعليم كيشوكوف
300 _a499 ص
490 _aسلسلة الادب العالمى
_v0
650 0 4 _aالادب الروسى
650 0 4 _aالقصة الروسية المترجمة
650 0 4 _aالقصة السوفيتية
942 _2ddc
_cBK
999 _c38602
_d38602